000 00922nam a2200229Ii 4500
003 JO-AjNU
008 230605s9999||||xx |||||||||||||| ||und||
017 _a2008/23251
020 _a978-977-04-5844-6
040 _aJO-AjNU
_bara
_erda
_cJO-AjNU
041 _aara
050 1 4 _aHG1685.Q2448 2008
100 3 _aالقليويى،سميحة,
_eauthor
_932259
245 0 0 _aالاوراق التجارية : الكمبيالة ،السندلامر، الشيك، الشيك السياحي، الشيك المسطر، الشيك المعتمد، وسائل الدفع الحديثة
250 _aط6
264 3 1 _aالقاهرة: دار النهضة العربية، 2008
300 _a608ص
_bيحتوي على ببلوغرافية من 585-608ص
336 _atext
_btxt
_2rdacontent
337 _aunmediated
_bn
_2rdamedia
338 _avolume
_bnc
_2rdacarrier
650 4 _aالاوراق التجارية
_932260
999 _aA13001
_c16569
_d16569